000 00334nam a2200157Ia 4500
003 OSt
005 20240215113233.0
008 170524s9999 xx 000 0 und d
020 _a 9788123914480
040 _ciimtu
100 _aHusain A
245 0 _aElectrical Power System
260 _bCBS
260 _c2011
942 _2ddc
_c02
999 _c6072
_d6072